Normal view
MARC view
- القصة الشعبية العربية - القرن العشرون - الأردن - تاريخ ونقد فولكلور
Entry Topical Term
001 - CONTROL NUMBER
- control field: 40066
003 - CONTROL NUMBER IDENTIFIER
- control field: JO-AjAnu
005 - DATE AND TIME OF LATEST TRANSACTION
- control field: 20230606080646.0
008 - FIXED-LENGTH DATA ELEMENTS
- fixed length control field: 230606|| aca||aabn | a|a d
040 ## - CATALOGING SOURCE
- Original cataloging agency: JO-AjAnu
- Transcribing agency: JO-AjAnu
150 ## - HEADING--TOPICAL TERM
- Topical term or geographic name entry element: القصة الشعبية العربية - القرن العشرون - الأردن - تاريخ ونقد فولكلور
670 ## - SOURCE DATA FOUND
- Source citation: Work cat.: (JO-AjAnu)20540: تأليف الجراجرة، عيسى حسن ؛ جمع وإعداد هناء السلطي الجراجرة, author 40065, عشق حتى الموت: دراسة نظرية ومجموعة من القصص الشعبي الأردني